000 01074nam a22003137a 4500
001 402
003 FISKH
005 20250827142252.0
008 230407b cb ||||| |||| 00| 0 eng d
020 _a9780545342322
040 _aDLC
_cDLC
_dDLC
_dFISKH
_beng
042 _alcac
050 0 0 _aQP434
_b.C565 1999
082 0 0 _a612.8
_221
100 1 _aCole, Joanna.
245 1 4 _aThe magic school bus explores the senses /
_cby Joanna Cole ; illustrated by Bruce Degen.
250 _a1st ed.
260 _aNew York :
_bScholastic Press,
_c1999.
300 _a47 pages. :
_bcol ill. ;
_c20 x 24 cm.
520 _aMs. Frizzle and her class explore the senses by traveling on the magic school bus in and out of an eye, ear, mouth, nose, and other parts of both human and animal bodies.
521 8 _a690
_bLexile AD
521 8 _aM
_bRaz-Plus
650 0 _aSenses and sensation
_xJuvenile literature.
650 1 _aSenses and sensation.
700 1 _aDegen, Bruce,
_eill.
906 _a7
_bcbc
_corignew
_d1
_eocip
_f19
_gy-gencatlg
942 _2ddc
_cBK
_n0
999 _c402
_d402